| 000 | 01779nam2a22003371 4500 | ||
|---|---|---|---|
| 001 | RU\INFOCOMM_322\NLR\5000169965 | ||
| 005 | 20250613110417.0 | ||
| 035 | _a(NLR Aleph) 009561763 | ||
| 090 |
_a9073329 _c9073329 |
||
| 100 | _a20130211d1914 |||y0rusy50 ca | ||
| 101 | 0 | _aeng | |
| 102 | _aRU | ||
| 105 | _ay z ||||| | ||
| 200 | 1 |
_aMental ability in relation to head circum ference, cephalic index, sociological condition, sex, age and nationality _fBy Arthur MacDonald |
|
| 210 |
_aПетроград _cтип. Имп. Акад. наук _d1914 |
||
| 215 |
_a[2], 10 с. _d29 см |
||
| 225 | 0 |
_aСборник Музея антропологии и этнографии при Имп. Академии наук _vТ. 2, 3 |
|
| 300 | _aЗагл. серии также на фр. яз. | ||
| 461 | 0 |
_1001RU\NLR\INFOCOMM10\1000247878 _12001#$aСборник Музея антропологии и этнографии$fРос. акад. наук, Ин-т этнографии им. Н.Н. Миклухо-Маклая$vТ. 2, 3 _92976512 _aМузей антропологии и этнографии им. Петра Великого (Санкт-Петербург) _cСПб. _d1900 - _fРос. акад. наук, Ин-т этнографии им. Н.Н. Миклухо-Маклая _nНаука. С.-Петербург. отд-ние _tСборник Музея антропологии и этнографии _x0131-3703 _vТ. 2, 3 |
|
| 620 | _aСанкт-Петербург | ||
| 686 |
_aАн _2rubbk |
||
| 686 |
_aПс250 _2rubbk |
||
| 700 | 1 |
_aMacDonald _bA. _f1856-1936 _gArthur |
|
| 801 | 1 |
_aRU _bInfocomm _c20130211 |
|
| 801 | 0 |
_aRU _bINFOCOMM _gPSBO |
|
| 852 |
_aNLR _jП23/1175 |
||
| 942 | _cISSUE | ||
| 980 | _aNB | ||
| 980 | _aSUPPRESS | ||
| 980 | _aRUSPER | ||